[Event "1st Gujarat GM Open 2018"]
[Site "Ahmedabad"]
[Date "2018.10.07"]
[Round "4"]
[White "Ahmed, Sk. Nasir"]
[Black "Shiva Pavan Teja Sharma U"]
[Result "1/2-1/2"]
[WhiteElo "2234"]
[BlackElo "2005"]
[Annotator "NA"]
[PlyCount "106"]
[EventDate "2018.10.05"]
[EventType "swiss"]
[EventCountry "IND"]
[SourceTitle "playchess.com"]
[Source "ChessBase"]
[SourceQuality "1"]
[TimeControl "5400+30"]

1. e4 {[%emt 0:00:00]} c6 {[%emt 0:00:00]} 2. c4 {[%emt 0:00:07]} d5 {[%emt 0:06:49]} 3. exd5 {[%emt 0:00:08]} cxd5 {[%emt 0:00:06]} 4. cxd5 {[%emt 0:00:10]} Nf6 {[%emt 0:00:09]} 5. Nf3 {[%emt 0:03:01]} Nxd5 {[%emt 0:01:08]} 6. Bc4 {[%emt 0:00:40]} e6 {[%emt 0:01:39]} 7. O-O {[%emt 0:00:29]} Be7 {[%emt 0:00:13]} 8. Nc3 {[%emt 0:00:22]} O-O {[%emt 0:01:06]} 9. d4 {[%emt 0:00:32]} Nxc3 {[%emt 0:05:17]} 10. bxc3 {[%emt 0:00:03]} Qc7 {[%emt 0:02:37]} 11. Qd3 {[%emt 0:02:21]} Nd7 {[%emt 0:03:05]} 12. Bb3 {[%emt 0:01:01]} b6 {[%emt 0:07:16]} 13. Re1 {[%emt 0:09:58]} Bb7 {[%emt 0:04:46]} 14. Bd2 {[%emt 0:13:33]} Rac8 {[%emt 0:04:17]} 15. Bc2 {[%emt 0:05:47]} g6 {[%emt 0:03:50]} 16. Bb3 {[%emt 0:04:17]} Bd6 {[%emt 0:01:31]} 17. h3 {[%emt 0:04:09]} Bf4 {[%emt 0:03:56]} 18. Bxf4 {[%emt 0:00:55]} Qxf4 {[%emt 0:00:09]} 19. Ne5 {[%emt 0:05:20]} Nxe5 {[%emt 0:05:01]} 20. Rxe5 {[%emt 0:00:17]} Rfd8 {[%emt 0:00:55]} 21. Rae1 {[%emt 0:00:28]} Rc7 {[%emt 0:06:25]} 22. g3 {[%emt 0:23:50]} Qf3 {[%emt 0:02:44]} 23. Qxf3 {[%emt 0:00:27]} Bxf3 {[%emt 0:00:07]} 24. R1e3 {[%emt 0:00:37]} Bb7 {[%emt 0:00:55]} 25. g4 {[%emt 0:06:27]} Kg7 {[%emt 0:02:08]} 26. f4 {[%emt 0:03:04]} Rdc8 {[%emt 0:11:01]} 27. c4 {[%emt 0:01:00]} Rd8 {[%emt 0:00:44]} 28. d5 {[%emt 0:00:17]} exd5 {[%emt 0:00:20]} 29. cxd5 {[%emt 0:00:02]} Rcd7 {[%emt 0:01:40]} 30. Re7 {[%emt 0:11:07]} Bxd5 {[%emt 0:03:23]} 31. Bxd5 {[%emt 0:00:03]} Rxd5 {[%emt 0:02:11]} 32. Rxa7 {[%emt 0:00:03]} Rd4 {[%emt 0:00:45]} 33. f5 {[%emt 0:00:27]} gxf5 {[%emt 0:03:23]} 34. Ree7 {[%emt 0:00:18]} Rf8 {[%emt 0:01:31]} 35. gxf5 {[%emt 0:00:18]} Rd5 {[%emt 0:00:15]} 36. Reb7 {[%emt 0:00:36]} Rxf5 {[%emt 0:00:32]} 37. Rxb6 {[%emt 0:00:04]} Rc8 {[%emt 0:00:36]} 38. Rb2 {[%emt 0:00:38]} Rc3 {[%emt 0:01:34]} 39. Rg2+ {[%emt 0:04:05]} Kh6 {[%emt 0:02:39]} 40. Rf2 {[%emt 0:00:21]} Rxf2 {[%emt 0:00:25]} 41. Kxf2 {[%emt 0:00:02]} Rxh3 {[%emt 0:00:30]} 42. Rxf7 {[%emt 0:00:30]} Rh2+ {[%emt 0:00:30]} 43. Kg3 {[%emt 0:00:30]} Rxa2 {[%emt 0:00:00]} 44. Rf5 {[%emt 0:00:00]} Kg6 {[%emt 0:00:27]} 45. Rb5 {[%emt 0:00:00]} Ra6 {[%emt 0:00:13]} 46. Kg4 {[%emt 0:00:00]} h5+ {[%emt 0:01:02]} 47. Kh4 {[%emt 0:00:00]} Ra4+ {[%emt 0:00:09]} 48. Kh3 {[%emt 0:00:00]} Ra3+ {[%emt 0:00:39]} 49. Kh4 {[%emt 0:00:00]} Ra4+ {[%emt 0:00:16]} 50. Kh3 {[%emt 0:00:00]} Re4 {[%emt 0:00:30]} 51. Ra5 {[%emt 0:00:29]} Rf4 {[%emt 0:00:13]} 52. Rb5 {[%emt 0:00:00]} Rf5 {[%emt 0:00:30]} 53. Rxf5 {[%emt 0:00:00]} Kxf5 {[%emt 0:00:00]} 1/2-1/2

[Event "1st Gujarat GM Open 2018"]
[Site "Ahmedabad"]
[Date "2018.10.07"]
[Round "4"]
[White "Sahil, Tickoo"]
[Black "Fominyh, Alexander"]
[Result "1/2-1/2"]
[WhiteElo "2217"]
[BlackElo "2405"]
[Annotator "ChessBase"]
[PlyCount "140"]
[EventDate "2018.10.05"]
[EventType "swiss"]
[EventCountry "IND"]
[SourceTitle "playchess.com"]
[Source "ChessBase"]
[SourceQuality "1"]
[TimeControl "5400+30"]

1. d4 {[%emt 1:30:30]} Nf6 {[%emt 1:30:30]} 2. Bf4 {[%emt 0:00:30]} g6 {[%emt 0:00:00]} 3. Nc3 {[%emt 0:00:00]} d5 {[%emt 0:00:00]} 4. e3 {[%emt 0:00:00]} Bg7 {[%emt 0:00:00]} 5. h4 {[%emt 0:00:00]} c5 {[%emt 0:00:00]} 6. Nb5 {[%emt 0:00:00]} Na6 {[%emt 0:00:00]} 7. c3 {[%emt 0:00:00]} Bg4 {[%emt 0:00:00]} 8. Nf3 {[%emt 0:00:00]} O-O {[%emt 0:00:00]} 9. Be2 {[%emt 0:00:00]} Qb6 {[%emt 0:00:00]} 10. a4 {[%emt 0:00:00]} c4 {[%emt 0:00:00]} 11. b3 {[%emt 0:00:00]} cxb3 {[%emt 0:00:00]} 12. Qxb3 {[%emt 0:00:00]} Rfc8 {[%emt 0:00:00]} 13. O-O {[%emt 0:00:00]} Qd8 {[%emt 0:00:00]} 14. Na3 {[%emt 0:00:00]} Nc7 {[%emt 0:00:00]} 15. c4 {[%emt 0:00:00]} b6 {[%emt 0:00:00]} 16. Rfc1 {[%emt 0:00:00]} e6 {[%emt 0:00:00]} 17. a5 {[%emt 0:00:00]} dxc4 {[%emt 0:00:00]} 18. Nxc4 {[%emt 0:00:00]} Ncd5 {[%emt 0:00:00]} 19. axb6 {[%emt 0:00:00]} Nxf4 {[%emt 0:00:00]} 20. exf4 {[%emt 0:00:00]} axb6 {[%emt 0:00:00]} 21. Rxa8 {[%emt 0:00:00]} Rxa8 {[%emt 0:00:00]} 22. Qxb6 {[%emt 0:00:00]} Nd5 {[%emt 0:00:00]} 23. Qxd8+ {[%emt 0:00:00]} Rxd8 {[%emt 0:00:00]} 24. g3 {[%emt 0:00:00]} Rc8 {[%emt 0:00:00]} 25. Kg2 {[%emt 0:03:50]} Bxf3+ {[%emt 0:00:00]} 26. Kxf3 {[%emt 0:02:35]} Bxd4 {[%emt 0:00:00]} 27. Rd1 {[%emt 0:01:06]} Ba7 {[%emt 0:00:00]} 28. Ne3 {[%emt 0:02:16]} Nf6 {[%emt 0:00:00]} 29. Rd3 {[%emt 0:02:03]} h5 {[%emt 0:00:00]} 30. Kg2 {[%emt 0:00:48]} Kg7 {[%emt 0:00:00]} 31. Bf3 {[%emt 0:00:15]} Rc7 {[%emt 0:00:00]} 32. Rb3 {[%emt 0:00:18]} Rc1 {[%emt 0:00:00]} 33. Rd3 {[%emt 0:00:43]} Ng8 {[%emt 0:00:00]} 34. Ra3 {[%emt 0:00:53]} Bc5 {[%emt 0:00:00]} 35. Ra2 {[%emt 0:00:56]} Nh6 {[%emt 0:00:00]} 36. Re2 {[%emt 0:00:26]} Ra1 {[%emt 0:00:00]} 37. Be4 {[%emt 0:00:33]} Ng8 {[%emt 0:00:00]} 38. Bf3 {[%emt 0:00:09]} Nf6 {[%emt 0:00:00]} 39. Nc4 {[%emt 0:00:37]} Rc1 {[%emt 0:00:18]} 40. Ne5 {[%emt 0:00:46]} Rc3 {[%emt 0:01:01]} 41. Rb2 {[%emt 0:00:32]} Bd6 {[%emt 0:01:21]} 42. Rb7 {[%emt 0:00:35]} Bxe5 {[%emt 0:01:00]} 43. fxe5 {[%emt 0:00:01]} Ng8 {[%emt 0:00:10]} 44. Rb2 {[%emt 0:01:02]} Nh6 {[%emt 0:00:46]} 45. Be4 {[%emt 0:00:32]} Rc5 {[%emt 0:03:01]} 46. f4 {[%emt 0:00:11]} Rc3 {[%emt 0:00:14]} 47. Re2 {[%emt 0:00:40]} Ng4 {[%emt 0:00:28]} 48. Bf3 {[%emt 0:00:12]} Ne3+ {[%emt 0:00:08]} 49. Kf2 {[%emt 0:00:29]} Nf5 {[%emt 0:00:07]} 50. Kg2 {[%emt 0:00:26]} Kf8 {[%emt 0:00:33]} 51. Ra2 {[%emt 0:00:52]} Kg7 {[%emt 0:00:28]} 52. Rd2 {[%emt 0:00:35]} Rb3 {[%emt 0:02:03]} 53. Rf2 {[%emt 0:00:24]} Ne3+ {[%emt 0:00:25]} 54. Kh2 {[%emt 0:00:33]} f6 {[%emt 0:00:49]} 55. exf6+ {[%emt 0:00:08]} Kxf6 {[%emt 0:00:06]} 56. Ra2 {[%emt 0:00:58]} Rc3 {[%emt 0:01:05]} 57. Kg1 {[%emt 0:00:33]} Nf5 {[%emt 0:02:20]} 58. Kf2 {[%emt 0:00:29]} Rb3 {[%emt 0:00:04]} 59. Rd2 {[%emt 0:00:23]} Ke7 {[%emt 0:01:07]} 60. Ra2 {[%emt 0:00:34]} Kd6 {[%emt 0:00:15]} 61. Ra6+ {[%emt 0:00:31]} Ke7 {[%emt 0:01:28]} 62. Ra2 {[%emt 0:00:12]} Rc3 {[%emt 0:00:41]} 63. Ra7+ {[%emt 0:00:31]} Kf6 {[%emt 0:00:06]} 64. Ra2 {[%emt 0:00:08]} Rb3 {[%emt 0:00:20]} 65. Rd2 {[%emt 0:00:23]} e5 {[%emt 0:00:54]} 66. fxe5+ {[%emt 0:00:26]} Kxe5 {[%emt 0:00:06]} 67. Rd5+ {[%emt 0:00:40]} Kf6 {[%emt 0:00:14]} 68. Rd2 {[%emt 0:00:06]} Rc3 {[%emt 0:01:07]} 69. Ra2 {[%emt 0:00:54]} Ke5 {[%emt 0:01:40]} 70. Re2+ {[%emt 0:01:07]} Kf6 1/2-1/2

[Event "1st Gujarat GM Open 2018"]
[Site "Ahmedabad"]
[Date "2018.10.07"]
[Round "4"]
[White "Deshpande, Aniruddha"]
[Black "Deota Snehil S"]
[Result "1-0"]
[WhiteElo "2213"]
[BlackElo "1929"]
[Annotator "NA"]
[PlyCount "57"]
[EventDate "2018.10.05"]
[EventType "swiss"]
[EventCountry "IND"]
[SourceTitle "playchess.com"]
[Source "ChessBase"]
[SourceQuality "1"]
[TimeControl "5400+30"]

1. d4 {[%emt 0:00:00]} d5 {[%emt 0:00:38]} 2. c4 {[%emt 0:00:00]} e6 {[%emt 0:00:21]} 3. Nf3 {[%emt 0:00:05]} Nf6 {[%emt 0:00:15]} 4. g3 {[%emt 0:00:06]} dxc4 {[%emt 0:01:43]} 5. Bg2 {[%emt 0:00:22]} Nc6 {[%emt 0:00:18]} 6. O-O {[%emt 0:00:48]} Rb8 {[%emt 0:00:15]} 7. Nc3 {[%emt 0:00:41]} b5 {[%emt 0:01:22]} 8. e4 {[%emt 0:01:21]} b4 {[%emt 0:04:20]} 9. Ne2 {[%emt 0:03:03]} Be7 {[%emt 0:06:54]} 10. Qc2 {[%emt 0:09:10]} Ba6 {[%emt 0:00:14]} 11. Rd1 {[%emt 0:00:28]} O-O {[%emt 0:02:43]} 12. Ng5 {[%emt 0:06:35]} b3 {[%emt 0:02:17]} 13. Qb1 {[%emt 0:04:04]} h6 {[%emt 0:00:19]} 14. axb3 {[%emt 0:07:11]} Nb4 {[%emt 0:00:34]} 15. Nf3 {[%emt 0:04:53]} cxb3 {[%emt 0:00:13]} 16. Nc3 {[%emt 0:00:14]} c5 {[%emt 0:04:09]} 17. Bf4 {[%emt 0:09:20]} Rb7 {[%emt 0:05:42]} 18. dxc5 {[%emt 0:02:03]} Bd3 {[%emt 0:00:57]} 19. c6 {[%emt 0:05:56]} Rb6 {[%emt 0:02:08]} 20. c7 {[%emt 0:01:12]} Qd7 {[%emt 0:00:38]} 21. Ne5 {[%emt 0:01:09]} Bxb1 {[%emt 0:00:19]} 22. Nxd7 {[%emt 0:00:20]} Bc2 {[%emt 0:04:57]} 23. Nxf8 {[%emt 0:03:35]} Rc6 {[%emt 0:00:02]} 24. Rd8 {[%emt 0:00:41]} Rxc7 {[%emt 0:00:07]} 25. Bxc7 {[%emt 0:00:13]} Bxd8 {[%emt 0:00:10]} 26. Bxd8 {[%emt 0:00:13]} Kxf8 {[%emt 0:00:04]} 27. Bxf6 {[%emt 0:00:44]} gxf6 {[%emt 0:00:04]} 28. Rxa7 {[%emt 0:00:07]} Nd3 {[%emt 0:00:03]} 29. Na4 1-0

[Event "1st Gujarat GM Open 2018"]
[Site "Ahmedabad"]
[Date "2018.10.07"]
[Round "4"]
[White "Parnali, S Dharia"]
[Black "Polakhare Aryan"]
[Result "0-1"]
[WhiteElo "2211"]
[BlackElo "1920"]
[Annotator "NA"]
[PlyCount "40"]
[EventDate "2018.10.05"]
[EventType "swiss"]
[EventCountry "IND"]
[SourceTitle "playchess.com"]
[Source "ChessBase"]
[SourceQuality "1"]
[TimeControl "5400+30"]

1. d4 {[%emt 0:00:00]} Nf6 {[%emt 0:01:02]} 2. g3 {[%emt 0:00:05]} e6 {[%emt 0:00:18]} 3. c4 {[%emt 0:00:05]} Bb4+ {[%emt 0:00:10]} 4. Bd2 {[%emt 0:00:07]} Bxd2+ {[%emt 0:00:05]} 5. Nxd2 {[%emt 0:00:45]} d6 {[%emt 0:00:12]} 6. Bg2 {[%emt 0:00:12]} e5 {[%emt 0:00:12]} 7. Ngf3 {[%emt 0:01:23]} Qe7 {[%emt 0:00:25]} 8. Qb3 {[%emt 0:03:29]} O-O {[%emt 0:03:45]} 9. O-O {[%emt 0:01:41]} c6 {[%emt 0:22:07]} 10. dxe5 {[%emt 0:04:41]} dxe5 {[%emt 0:00:07]} 11. Rad1 {[%emt 0:00:35]} Nbd7 {[%emt 0:08:22]} 12. Qc3 {[%emt 0:00:59]} Re8 {[%emt 0:01:18]} 13. Ng5 {[%emt 0:04:16]} Nc5 {[%emt 0:06:16]} 14. b4 {[%emt 0:00:47]} Ne6 {[%emt 0:03:45]} 15. Nxe6 {[%emt 0:00:25]} Bxe6 {[%emt 0:04:55]} 16. a3 {[%emt 0:01:28]} Bg4 {[%emt 0:00:09]} 17. Bf3 {[%emt 0:01:14]} e4 {[%emt 0:01:43]} 18. Bxg4 {[%emt 0:03:27]} Nxg4 {[%emt 0:00:49]} 19. f3 {[%emt 0:01:13]} exf3 {[%emt 0:01:43]} 20. Rxf3 {[%emt 0:00:21]} Qxe2 {[%emt 0:01:14]} 0-1

[Event "1st Gujarat GM Open 2018"]
[Site "Ahmedabad"]
[Date "2018.10.07"]
[Round "4"]
[White "Kulkarni, Vinayak"]
[Black "Trisha Kanyamarala"]
[Result "1-0"]
[WhiteElo "2203"]
[BlackElo "1856"]
[Annotator "NA"]
[PlyCount "155"]
[EventDate "2018.10.05"]
[EventType "swiss"]
[EventCountry "IND"]
[SourceTitle "playchess.com"]
[Source "ChessBase"]
[SourceQuality "1"]
[TimeControl "5400+30"]

1. d4 {[%emt 0:00:00]} d5 {[%emt 0:00:00]} 2. c4 {[%emt 0:00:04]} e6 {[%emt 0:00:14]} 3. Nc3 {[%emt 0:00:13]} Nf6 {[%emt 0:00:28]} 4. cxd5 {[%emt 0:00:09]} exd5 {[%emt 0:00:11]} 5. Bg5 {[%emt 0:00:09]} c6 {[%emt 0:00:32]} 6. Qc2 {[%emt 0:00:20]} Nbd7 {[%emt 0:00:42]} 7. e3 {[%emt 0:00:31]} Be7 {[%emt 0:00:17]} 8. Bd3 {[%emt 0:00:21]} h6 {[%emt 0:00:14]} 9. Bh4 {[%emt 0:01:09]} Nh5 {[%emt 0:00:19]} 10. Bxe7 {[%emt 0:00:34]} Qxe7 {[%emt 0:00:12]} 11. O-O-O {[%emt 0:00:17]} Nb6 {[%emt 0:01:15]} 12. h3 {[%emt 0:00:26]} Be6 {[%emt 0:03:52]} 13. Nf3 {[%emt 0:00:38]} Nf6 {[%emt 0:00:48]} 14. Kb1 {[%emt 0:01:30]} O-O-O {[%emt 0:02:40]} 15. Nd2 {[%emt 0:02:04]} Kb8 {[%emt 0:01:50]} 16. Nb3 {[%emt 0:01:29]} Nfd7 {[%emt 0:07:14]} 17. Rhe1 {[%emt 0:04:03]} Rc8 {[%emt 0:02:50]} 18. f4 {[%emt 0:09:27]} c5 {[%emt 0:12:11]} 19. f5 {[%emt 0:03:49]} c4 {[%emt 0:00:08]} 20. fxe6 {[%emt 0:00:11]} cxd3 {[%emt 0:01:58]} 21. Qxd3 {[%emt 0:00:52]} fxe6 {[%emt 0:02:39]} 22. e4 {[%emt 0:01:58]} Qg5 {[%emt 0:02:11]} 23. g4 {[%emt 0:02:48]} a6 {[%emt 0:04:48]} 24. Nd2 {[%emt 0:08:02]} Rhf8 {[%emt 0:07:17]} 25. Nf3 {[%emt 0:03:40]} Qf6 {[%emt 0:01:18]} 26. Ne5 {[%emt 0:01:01]} Qd8 {[%emt 0:05:19]} 27. exd5 {[%emt 0:09:17]} exd5 {[%emt 0:01:15]} 28. Qg6 {[%emt 0:02:00]} Nxe5 {[%emt 0:06:55]} 29. dxe5 {[%emt 0:01:45]} d4 {[%emt 0:00:11]} 30. e6 {[%emt 0:02:37]} Qe7 {[%emt 0:07:37]} 31. Rxd4 {[%emt 0:03:20]} Nc4 {[%emt 0:00:11]} 32. Qc2 {[%emt 0:05:17]} Qb4 {[%emt 0:01:16]} 33. Ka1 {[%emt 0:02:06]} Ka8 {[%emt 0:02:45]} 34. Qe2 {[%emt 0:05:46]} Qc5 {[%emt 0:04:07]} 35. Rd5 {[%emt 0:03:17]} Qb4 {[%emt 0:00:41]} 36. e7 {[%emt 0:03:42]} Rfe8 {[%emt 0:00:13]} 37. Rd4 {[%emt 0:01:24]} Qc5 {[%emt 0:02:40]} 38. Re4 {[%emt 0:04:36]} Na3 {[%emt 0:02:56]} 39. Qd2 {[%emt 0:03:00]} Nc4 {[%emt 0:00:46]} 40. Qc2 {[%emt 0:01:42]} Rc7 {[%emt 0:03:00]} 41. Qa4 {[%emt 0:03:47]} Rcc8 {[%emt 0:01:53]} 42. Qc2 {[%emt 0:03:11]} Rc7 {[%emt 0:00:07]} 43. Qd3 {[%emt 0:00:46]} Qf2 {[%emt 0:05:54]} 44. R4e2 {[%emt 0:01:52]} Qc5 {[%emt 0:01:34]} 45. Nd5 {[%emt 0:01:08]} Rd7 {[%emt 0:03:23]} 46. Qxc4 {[%emt 0:01:24]} Qxd5 {[%emt 0:00:43]} 47. Qxd5 {[%emt 0:01:46]} Rxd5 {[%emt 0:00:06]} 48. a3 {[%emt 0:00:04]} Rd7 {[%emt 0:00:11]} 49. Ka2 {[%emt 0:01:09]} Kb8 {[%emt 0:00:27]} 50. Kb3 {[%emt 0:00:49]} Kc7 {[%emt 0:00:57]} 51. Kc4 {[%emt 0:00:28]} Kb8 {[%emt 0:01:01]} 52. Re6 {[%emt 0:01:11]} Rc8+ {[%emt 0:00:29]} 53. Kb4 {[%emt 0:00:25]} Re8 {[%emt 0:00:22]} 54. Kc5 {[%emt 0:01:11]} Ka7 {[%emt 0:01:11]} 55. a4 {[%emt 0:00:20]} Rc8+ {[%emt 0:00:39]} 56. Kb4 {[%emt 0:00:10]} Re8 {[%emt 0:00:30]} 57. a5 {[%emt 0:00:31]} Rd4+ {[%emt 0:00:27]} 58. Kc3 {[%emt 0:01:01]} Rd7 {[%emt 0:00:08]} 59. b4 {[%emt 0:00:11]} Rc8+ {[%emt 0:00:34]} 60. Kb3 {[%emt 0:00:10]} Rd3+ {[%emt 0:01:31]} 61. Ka4 {[%emt 0:01:01]} Re8 {[%emt 0:01:41]} 62. Rf1 {[%emt 0:00:31]} Rd7 {[%emt 0:00:27]} 63. Rf7 {[%emt 0:00:13]} g5 {[%emt 0:00:18]} 64. Kb3 {[%emt 0:00:32]} Rc8 {[%emt 0:00:52]} 65. Rf3 {[%emt 0:01:14]} Re8 {[%emt 0:00:14]} 66. Rfe3 {[%emt 0:00:21]} Kb8 {[%emt 0:00:16]} 67. Rxh6 {[%emt 0:00:45]} Rdxe7 {[%emt 0:00:08]} 68. Rxe7 {[%emt 0:00:16]} Rxe7 {[%emt 0:00:04]} 69. Rh5 {[%emt 0:00:31]} Re5 {[%emt 0:00:50]} 70. Kc3 {[%emt 0:00:42]} Kc7 {[%emt 0:00:55]} 71. h4 {[%emt 0:00:23]} Re3+ {[%emt 0:00:15]} 72. Kd4 {[%emt 0:00:12]} Rb3 {[%emt 0:00:14]} 73. Kc4 {[%emt 0:00:06]} Rh3 {[%emt 0:00:14]} 74. hxg5 {[%emt 0:00:38]} Rg3 {[%emt 0:00:06]} 75. Rh4 {[%emt 0:00:31]} Kd6 {[%emt 0:00:07]} 76. g6 {[%emt 0:01:19]} Ke6 {[%emt 0:00:07]} 77. Kc5 {[%emt 0:00:19]} Kf6 {[%emt 0:00:09]} 78. Kb6 {[%emt 0:00:26]} 1-0

[Event "1st Gujarat GM Open 2018"]
[Site "Ahmedabad"]
[Date "2018.10.07"]
[Round "4"]
[White "Dahale, Atul"]
[Black "Sudarshan Bhat"]
[Result "1/2-1/2"]
[WhiteElo "2171"]
[BlackElo "1840"]
[Annotator "NA"]
[PlyCount "65"]
[EventDate "2018.10.05"]
[EventType "swiss"]
[EventCountry "IND"]
[SourceTitle "playchess.com"]
[Source "ChessBase"]
[SourceQuality "1"]
[TimeControl "5400+30"]

1. d4 {[%emt 0:00:00]} d5 {[%emt 0:00:00]} 2. c4 {[%emt 0:00:18]} e6 {[%emt 0:00:12]} 3. Nc3 {[%emt 0:00:59]} c5 {[%emt 0:00:11]} 4. cxd5 {[%emt 0:01:50]} cxd4 {[%emt 0:00:37]} 5. Qxd4 {[%emt 0:02:02]} Nc6 {[%emt 0:00:14]} 6. Qd1 {[%emt 0:02:42]} exd5 {[%emt 0:00:12]} 7. e3 {[%emt 0:00:46]} Nf6 {[%emt 0:00:16]} 8. Nf3 {[%emt 0:00:07]} Bd6 {[%emt 0:00:15]} 9. Be2 {[%emt 0:00:46]} O-O {[%emt 0:00:09]} 10. O-O {[%emt 0:00:31]} a6 {[%emt 0:00:22]} 11. b3 {[%emt 0:06:06]} Re8 {[%emt 0:00:43]} 12. Bb2 {[%emt 0:00:12]} Bc7 {[%emt 0:02:44]} 13. Qd2 {[%emt 0:12:52]} Qd6 {[%emt 0:18:21]} 14. Rfd1 {[%emt 0:02:00]} Be6 {[%emt 0:01:54]} 15. g3 {[%emt 0:05:49]} Rad8 {[%emt 0:02:00]} 16. Rac1 {[%emt 0:01:42]} Bb6 {[%emt 0:05:50]} 17. Qe1 {[%emt 0:08:01]} Ba7 {[%emt 0:04:10]} 18. Rd2 {[%emt 0:02:37]} Qb4 {[%emt 0:05:36]} 19. Na4 {[%emt 0:11:53]} Ne4 {[%emt 0:02:42]} 20. Rdc2 {[%emt 0:00:17]} Bh3 {[%emt 0:07:15]} 21. Bd4 {[%emt 0:16:58]} Qxe1+ {[%emt 0:07:55]} 22. Rxe1 {[%emt 0:00:15]} Nxd4 {[%emt 0:00:45]} 23. Nxd4 {[%emt 0:02:11]} Bxd4 {[%emt 0:00:28]} 24. exd4 {[%emt 0:00:04]} Ng5 {[%emt 0:05:03]} 25. Rcc1 {[%emt 0:04:44]} Re4 {[%emt 0:07:02]} 26. Nc5 {[%emt 0:02:06]} Rxd4 {[%emt 0:03:43]} 27. f4 {[%emt 0:00:40]} Ne4 {[%emt 0:01:28]} 28. Nxb7 {[%emt 0:01:00]} Rb8 {[%emt 0:01:17]} 29. Bxa6 {[%emt 0:11:10]} Rd2 {[%emt 0:02:27]} 30. Bf1 {[%emt 0:00:10]} Bxf1 {[%emt 0:03:10]} 31. Rxf1 {[%emt 0:00:02]} Rxa2 {[%emt 0:00:56]} 32. Nc5 {[%emt 0:01:25]} Nxc5 33. Rcd1 1/2-1/2

[Event "1st Gujarat GM Open 2018"]
[Site "Ahmedabad"]
[Date "2018.10.07"]
[Round "4"]
[White "Ramnathan, Balasubramaniam"]
[Black "Sidhant, Mohapatra"]
[Result "0-1"]
[WhiteElo "2142"]
[BlackElo "2341"]
[Annotator "NA"]
[PlyCount "68"]
[EventDate "2018.10.05"]
[EventType "swiss"]
[EventCountry "IND"]
[SourceTitle "playchess.com"]
[Source "ChessBase"]
[SourceQuality "1"]
[TimeControl "5400+30"]

1. Nf3 {[%emt 0:00:00]} d5 {[%emt 0:00:19]} 2. b3 {[%emt 0:00:01]} Bf5 {[%emt 0:00:21]} 3. Bb2 {[%emt 0:00:18]} e6 {[%emt 0:00:06]} 4. e3 {[%emt 0:00:40]} Nf6 {[%emt 0:00:07]} 5. Be2 {[%emt 0:01:22]} h6 {[%emt 0:00:09]} 6. O-O {[%emt 0:00:58]} Nbd7 {[%emt 0:00:58]} 7. d4 {[%emt 0:00:08]} Bd6 {[%emt 0:02:19]} 8. c4 {[%emt 0:00:08]} c6 {[%emt 0:00:08]} 9. Nc3 {[%emt 0:00:10]} O-O {[%emt 0:00:27]} 10. Rc1 {[%emt 0:03:56]} Re8 {[%emt 0:02:19]} 11. Bd3 {[%emt 0:03:28]} Bxd3 {[%emt 0:11:17]} 12. Qxd3 {[%emt 0:00:07]} e5 {[%emt 0:02:17]} 13. dxe5 {[%emt 0:03:17]} Nxe5 {[%emt 0:00:13]} 14. Nxe5 {[%emt 0:01:35]} Bxe5 {[%emt 0:00:32]} 15. g3 {[%emt 0:08:34]} dxc4 {[%emt 0:01:36]} 16. Qxc4 {[%emt 0:00:07]} Qd7 {[%emt 0:10:47]} 17. Rfd1 {[%emt 0:02:01]} Qh3 {[%emt 0:00:09]} 18. Qf1 {[%emt 0:00:15]} Qh5 {[%emt 0:00:08]} 19. Rd2 {[%emt 0:15:27]} Rac8 {[%emt 0:05:31]} 20. Rd3 Rcd8 21. Rxd8 {[%emt 0:03:15]} Rxd8 {[%emt 0:00:48]} 22. Rd1 {[%emt 0:00:59]} Re8 {[%emt 0:02:14]} 23. Rd3 {[%emt 0:09:08]} Bxc3 {[%emt 0:01:30]} 24. Bxc3 {[%emt 0:00:11]} Ne4 {[%emt 0:00:04]} 25. Bb2 {[%emt 0:20:45]} Qf5 {[%emt 0:03:27]} 26. f4 {[%emt 0:12:34]} Nc5 {[%emt 0:01:22]} 27. Rd1 {[%emt 0:01:47]} Rxe3 {[%emt 0:01:29]} 28. Rd8+ {[%emt 0:01:43]} Kh7 {[%emt 0:00:28]} 29. Bd4 {[%emt 0:02:00]} Rd3 {[%emt 0:01:10]} 30. Rd6 {[%emt 0:00:30]} Rd2 {[%emt 0:04:30]} 31. b4 {[%emt 0:02:55]} Qh5 {[%emt 0:01:42]} 32. h3 {[%emt 0:01:55]} Ne4 {[%emt 0:00:39]} 33. g4 {[%emt 0:01:06]} Qh4 {[%emt 0:00:05]} 34. Rd7 {[%emt 0:01:04]} Qg3+ {[%emt 0:00:06]} 0-1